00335nam a22001217a 450000500170000002000220001703500120003903700130005110000150006424500560007926000550013530000230019020120425112518.0 a8173915199c00.00 aB-92485 aDPLbENG aPant, S.K. aGender bias in girl child education /cby S.K. Pant aNew DelhibKanishka Publishers, Distributorsc2002 axx, 200p.c20 cms.